[Event "South America-ch U12 17th"]
[Site "Guayaquil"]
[Date "2022.01.28"]
[Round "5"]
[White "Quiroz Alva, Gian Carlo Gabriel"]
[Black "Mariduena Villa, Eduardo Josue"]
[Result "1-0"]
[WhiteElo "1263"]
[BlackElo "1356"]
[PlyCount "101"]
[EventDate "2022.01.25"]
[EventType "swiss"]
[EventRounds "9"]
[EventCountry "ECU"]
[SourceTitle "CBM 206 Extra"]
[Source "ChessBase"]
[SourceDate "2022.03.31"]
[SourceVersion "1"]
[SourceVersionDate "2022.03.31"]
[SourceQuality "1"]

1. d4 d5 2. Bf4 Nf6 3. e3 e6 4. Nf3 Bd6 5. Bg3 c5 6. c3 Nc6 7. Nbd2 Bxg3 8. hxg3 cxd4 9. exd4 Bd7 10. Bd3 h6 11. 0-0 0-0 12. Re1 Re8 13. Ne5 Qb6 14. Qb3 Qc7 15. Qd1 a6 16. Nb3 a5 17. a4 Red8 18. Bb5 b6 19. Nd2 Nxe5 20. dxe5 Bxb5 21. exf6 Bd3 22. fxg7 Kxg7 23. Nf3 Bg6 24. Qd4+ Kh7 25. Nh2 Qc5 26. Qh4 d4 27. Ng4 Qg5 28. cxd4 Rxd4 29. Nf6+ Kg7 30. Qxd4 Qxf6 31. Qxf6+ Kxf6 32. Rac1 Rb8 33. b3 b5 34. Rc5 bxa4 35. bxa4 Rb4 36. Rxa5 Bc2 37. Ra1 Rb7 38. f3 Bb3 39. Rb5 Rxb5 40. axb5 Bd5 41. b6 Ke5 42. Ra7 f5 43. b7 f4 44. b8Q+ Kd4 45. Qxf4+ Kc5 46. Rc7+ Kb6 47. Qd6+ Kb5 48. Qc5+ Ka4 49. Ra7+ Kb3 50. Ra3+ Kb2 51. Qc3+ 1-0

[Event "South America-ch U12 17th"]
[Site "Guayaquil"]
[Date "2022.01.25"]
[Round "1"]
[White "Ramirez Mori, Angel Farid"]
[Black "Mariduena Villa, Eduardo Josue"]
[Result "1/2-1/2"]
[WhiteElo "1102"]
[BlackElo "1356"]
[PlyCount "58"]
[EventDate "2022.01.25"]
[EventType "swiss"]
[EventRounds "9"]
[EventCountry "ECU"]
[SourceTitle "CBM 206 Extra"]
[Source "ChessBase"]
[SourceDate "2022.03.31"]
[SourceVersion "1"]
[SourceVersionDate "2022.03.31"]
[SourceQuality "1"]

1. e4 c6 2. d4 d5 3. exd5 cxd5 4. Bd3 Nc6 5. Nf3 Bg4 6. c3 Nf6 7. 0-0 e6 8. Bf4 Bd6 9. Bg3 0-0 10. Nbd2 Rc8 11. a3 Bh5 12. Qc2 Bg6 13. Bxg6 hxg6 14. Rfe1 Nh5 15. Bxd6 Qxd6 16. Qd3 Nf6 17. Ne5 Nd7 18. f4 Ndxe5 19. fxe5 Qe7 20. Qh3 Qg5 21. Qe3 Qxe3+ 22. Rxe3 Na5 23. Rh3 Nc4 24. Nxc4 Rxc4 25. Rf1 Rfc8 26. Rf4 Kf8 27. Rhf3 R8c7 28. Rg3 Ke7 29. Rgf3 Kf8 1/2-1/2

[Event "Preinscritos IRT Online"]
[Site "Chess.com INT"]
[Date "2020.12.26"]
[Round "10"]
[White "Mariduena Villa, Eduardo Josue"]
[Black "Alarcon Osorio, Marco Antonio"]
[Result "0-1"]
[WhiteElo "1341"]
[BlackElo "1189"]
[PlyCount "42"]
[EventDate "2020.12.26"]
[EventType "swiss"]
[EventRounds "11"]
[EventCountry "ECU"]
[SourceTitle "CBM 200 Extra"]
[Source "ChessBase"]
[SourceDate "2021.03.31"]
[SourceVersion "1"]
[SourceVersionDate "2021.03.31"]
[SourceQuality "1"]

1. d4 d5 2. Nf3 Nf6 3. g3 Bf5 4. Bg2 e6 5. 0-0 Bd6 6. Nbd2 0-0 7. c4 c5 8. dxc5 Bxc5 9. a3 Nc6 10. b4 Be7 11. Nh4 Bg4 12. h3 Bh5 13. Bb2 dxc4 14. g4 Bg6 15. Nxg6 hxg6 16. Nxc4 Nd5 17. Rc1 Bf6 18. Bxf6 Qxf6 19. Bf3 Rfd8 20. Qb3 Nd4 21. Kg2 Nxb3 0-1

[Event "Preinscritos IRT Online"]
[Site "Chess.com INT"]
[Date "2020.12.26"]
[Round "3"]
[White "Mariduena Villa, Eduardo Josue"]
[Black "Diaz Pabon, Karol Estefania"]
[Result "0-1"]
[WhiteElo "1341"]
[BlackElo "1661"]
[PlyCount "98"]
[EventDate "2020.12.26"]
[EventType "swiss"]
[EventRounds "11"]
[EventCountry "ECU"]
[SourceTitle "CBM 200 Extra"]
[Source "ChessBase"]
[SourceDate "2021.03.31"]
[SourceVersion "1"]
[SourceVersionDate "2021.03.31"]
[SourceQuality "1"]

1. d4 d5 2. Nf3 Nf6 3. g3 Bf5 4. Bg2 e6 5. 0-0 c5 6. Nbd2 Nc6 7. Nh4 Bg6 8. Nxg6 hxg6 9. dxc5 Bxc5 10. Nb3 Bb6 11. h3 Qd6 12. e3 0-0-0 13. a4 Na5 14. Nxa5 Bxa5 15. Bd2 Bc7 16. b4 Ne4 17. Be1 Qe5 18. b5 Nc3 19. Qd3 Nxb5 20. Rb1 Nd6 21. a5 Nc4 22. Qb3 b6 23. axb6 Bxb6 24. Bc3 Qc7 25. Rfd1 Rh7 26. Ba1 f6 27. Bd4 g5 28. Bf1 Na5 29. Bxb6 axb6 30. Qb5 Rd6 31. Qa6+ Qb7 32. Qb5 Qc6 33. Qa6+ Qb7 34. Qxb7+ Kxb7 35. Bg2 Kc7 36. Bf1 g6 37. Kg2 f5 38. f3 e5 39. Be2 Rhd7 40. Rb5 d4 41. exd4 exd4 42. Rb4 Nc6 43. Rc4 Kb7 44. g4 Ne5 45. Rcxd4 Rxd4 46. Rxd4 Rxd4 47. gxf5 gxf5 48. f4 Rxf4 49. c4 Nxc4 0-1

[Event "Preinscritos IRT Online"]
[Site "Chess.com INT"]
[Date "2020.12.26"]
[Round "8"]
[White "Mariduena Villa, Eduardo Josue"]
[Black "Mariduena Villa, Jerson Emanuel"]
[Result "1/2-1/2"]
[WhiteElo "1341"]
[BlackElo "860"]
[PlyCount "118"]
[EventDate "2020.12.26"]
[EventType "swiss"]
[EventRounds "11"]
[EventCountry "ECU"]
[SourceTitle "CBM 200 Extra"]
[Source "ChessBase"]
[SourceDate "2021.03.31"]
[SourceVersion "1"]
[SourceVersionDate "2021.03.31"]
[SourceQuality "1"]

1. d4 d5 2. Nf3 Nf6 3. c4 dxc4 4. e3 b5 5. Nc3 a6 6. a4 Bb7 7. axb5 axb5 8. Rxa8 Bxa8 9. Nxb5 Bxf3 10. Qxf3 c6 11. Nc3 Qa5 12. Bxc4 Qa1 13. Kd2 e6 14. Kc2 Be7 15. g3 Bb4 16. Bd2 Bxc3 17. Bxc3 Qa4+ 18. Bb3 Qb5 19. Ra1 Qb7 20. Qf4 0-0 21. Qd6 Qc8 22. Qb4 Nbd7 23. Ra7 Qb8 24. Qxb8 Rxb8 25. Ra3 Rd8 26. Ba5 Rc8 27. Bb4 c5 28. Bxc5 Nxc5 29. dxc5 Rxc5+ 30. Kb1 g6 31. Ra8+ Kg7 32. f4 Ra5 33. Rxa5 Ne4 34. Bxe6 fxe6 35. h4 Nd2+ 36. Ka2 Nc4 37. Ra7+ Kf6 38. Ra8 Nxe3 39. Ra5 h5 40. f5 gxf5 41. b4 Nc4 42. Kb3 Nxa5+ 43. bxa5 e5 44. a6 e4 45. a7 e3 46. a8Q e2 47. Qa1+ Kg6 48. Qe1 f4 49. g4 hxg4 50. h5+ Kxh5 51. Kc3 f3 52. Kd4 g3 53. Ke5 g2 54. Qf2 Kg4 55. Kd4 Kh3 56. Ke3 Kh2 57. Qxf3 g1Q+ 58. Kxe2 Qg2+ 59. Qxg2+ Kxg2 1/2-1/2

[Event "Preinscritos IRT Online"]
[Site "Chess.com INT"]
[Date "2020.12.26"]
[Round "4"]
[White "Mariduena Villa, Eduardo Josue"]
[Black "Yanez Veloso, Santiago Nicolas"]
[Result "0-1"]
[WhiteElo "1341"]
[BlackElo "1704"]
[PlyCount "102"]
[EventDate "2020.12.26"]
[EventType "swiss"]
[EventRounds "11"]
[EventCountry "ECU"]
[SourceTitle "CBM 200 Extra"]
[Source "ChessBase"]
[SourceDate "2021.03.31"]
[SourceVersion "1"]
[SourceVersionDate "2021.03.31"]
[SourceQuality "1"]

1. d4 Nf6 2. Nf3 g6 3. c4 Bg7 4. Nc3 d6 5. g3 0-0 6. Bg2 c5 7. 0-0 Re8 8. e3 Bg4 9. h3 Bc8 10. Qb3 Nc6 11. Rd1 Bf5 12. dxc5 Na5 13. Qb5 a6 14. Qb6 Qxb6 15. cxb6 Nxc4 16. Nd4 Rab8 17. Nxf5 gxf5 18. Na4 Ne4 19. Rb1 Rec8 20. b3 Ne5 21. Bb2 Rc2 22. Bxe4 fxe4 23. Kg2 Nd3 24. Bxg7 Rxf2+ 25. Kg1 Rf3 26. Bd4 Rxg3+ 27. Kh2 Rf3 28. Rg1+ Kf8 29. Bg7+ Ke8 30. Bd4 Kd7 31. Rg2 Rc8 32. Rd1 Nf2 33. Rd2 Nxh3 34. Rg3 Rf2+ 35. Rxf2 Nxf2 36. Rg2 Nd3 37. Rd2 e5 38. Bb2 f5 39. Kg2 f4 40. exf4 exf4 41. Bd4 Rg8+ 42. Kh3 f3 43. Be3 Ke6 44. Kh4 d5 45. Nc3 Ke5 46. a3 d4 47. Bxd4+ Kxd4 48. Na4 e3 49. Rd1 e2 50. Rd2 e1Q+ 51. Kh5 Qh1+ 0-1